000
00318nam a22001457a 4500
020
_a
978-0-7136-8216-8
082
_a
823
_b
DEA/B
100
_a
DEARY'S TERRY
245
_a
THE BOY WHO CRIED HORSE
260
_a
LONDON
_b
A&C BLACK
_c
2007
300
_a
59
520
_a
SHORT STORY
650
_a
SHORT STORY
942
_c
BK
999
_c
5838
_d
5838